Statistiken für Quartiere Basels auf einer Karte

Klicken Sie hier um das Quiz zu spielen!

Allgemein

  • Dieses Quiz wurde 51 mal gespielt
  • Das Durchschnittsergebnis liegt bei 10 aus 19

Antworten auf der Karte

Die Antworten werden auf der Karte rot bzw. grün angezeigt, abhängig davon wie oft sie richtig erraten wurden.
 

Antwortstatistiken

Quartier% Korrekt
Altstadt Kleinbasel
82%
Gundeldingen
76%
Altstadt Grossbasel
73%
Bruderholz
58%
Clara
58%
St. Johann
58%
Kleinhüningen
55%
Wettstein
55%
Am Ring
52%
Klybeck
48%
St. Alban
48%
Vorstädte
48%
Breite
45%
Matthäus
42%
Iselin
39%
Rosental
39%
Hirzbrunnen
36%
Gotthelf
33%
Bachletten
30%

Verteilung der Resultate

Perzentil nach korrekt beantworteten Fragen

Anzahl Personen mit jedem Resultat

Ihre Resultats-Entwicklung

Sie haben dieses Quiz noch nicht gespielt